Human society (Record no. 1449962)

MARC details
000 -LEADER
fixed length control field 00562nam a2200217Ia 4500
005 - DATE AND TIME OF LATEST TRANSACTION
control field 20250923145324.0
008 - FIXED-LENGTH DATA ELEMENTS--GENERAL INFORMATION
fixed length control field 008 250917s9999 xx 000 0 eng d
037 ## - SOURCE OF ACQUISITION
Stock number Textual
040 ## - CATALOGING SOURCE
Original cataloging agency DSWL
Language of cataloging eng
Transcribing agency DSWL
041 ## - LANGUAGE CODE
Language code of text/sound track or separate title eng
Source of code eng
084 ## - COLON CLASSIFICATION NUMBER
Classification number Y, 152N73
Assigning agency DSWL
100 ## - MAIN ENTRY--PERSONAL NAME
Personal name Davis, K.
9 (RLIN) 834054
245 #0 - TITLE STATEMENT
Title Human society
Statement of responsibility, etc. by K. Davis
250 ## - EDITION STATEMENT
Edition statement 14th
260 ## - PUBLICATION, DISTRIBUTION, ETC.
Place of publication, distribution, etc. Allahabad
Name of publisher, distributor, etc. Kitab Mahal
Date of publication, distribution, etc. 1973
300 ## - PHYSICAL DESCRIPTION
Extent 564 p.
365 ## - TRADE PRICE
Price type code INR
Price amount 22 . 20
925 ## -
-- 22 . 20
942 ## - ADDED ENTRY ELEMENTS (KOHA)
Koha item type Textual
Classification part Y, 152N73
Holdings
Withdrawn status Lost status Damaged status Not for loan Home library Current library Date acquired Source of acquisition Inventory number Total Checkouts Full call number Barcode Date last seen Price effective from Koha item type
        Department of Social Work Library Department of Social Work Library 2025-09-23 Kitab Mahal 2678 03/12/1975   Y, 152N73 SW0017296 2025-09-23 2025-09-23 Textual
Copyright @ Delhi University Library System